| 000 | 00820nam a22002537a 4500 | ||
|---|---|---|---|
| 999 |
_c20741 _d20741 |
||
| 003 | AR-CdUCM | ||
| 008 | 190604b ||||| |||| 00| 0 eng d | ||
| 020 | _a9786124540677 | ||
| 040 |
_aMUNICIPALIDAD PROVINCIAL DEL CUSCO _cBIBLIOTECA MUNICIPAL DEL CUSCO |
||
| 082 |
_a985.014 / _bV32 |
||
| 100 |
_aVargas Carbajal, Favio _943315 |
||
| 245 |
_aLignes de Nasca : _bIca Pérou / |
||
| 260 |
_aCusco : _bFENNO, _c2015. |
||
| 300 |
_a40 páginas _bFotografias, imagenes, mapas, _c31 cm. |
||
| 505 | _aContenido : Cuidad de Ica -- Laguna de Huacachina -- La Petit Lac de Huacachina... | ||
| 650 |
_aIca _99366 |
||
| 650 |
_aHistoria _9136 |
||
| 650 |
_aArqueología _9371 |
||
| 650 |
_aArte textil _943316 |
||
| 650 |
_aCeramica _927657 |
||
| 700 |
_aLacroix, Dolly Juan _943317 |
||
| 942 |
_2ddc _cLIBROS |
||
| 945 | _arcc | ||